Name the Capital - Statistics

General Stats
  • This quiz has been taken 20 times
  • The average score is 22 of 28
Answer Stats
Country Answer % Correct
Egypt Cairo
100%
Russia Moscow
100%
France Paris
100%
Japan Tokyo
100%
USA Washington D.C
100%
Germany Berlin
95%
Spain Madrid
95%
Italy Rome
95%
Thailand Bangkok
90%
India New Delhi
90%
Canada Ottawa
90%
South Africa Pretoria, Cape town, and Bloemfontein
90%
South Korea Seoul
90%
Brazil Brasília
85%
Australia Canberra
80%
Turkey Ankara
75%
Peru Lima
75%
Iran Tehran
75%
Argentina Buenos Aires
70%
Indonesia Jakarta
70%
Colombia Bogotá
65%
Saudi Arabia Riyadh
65%
Chile Santiago
65%
New Zealand Wellington
65%
Ethiopia Addis Ababa
60%
Philippines Manila
60%
Kenya Nairobi
60%
Nigeria Abuja
35%
No matching quizzes found
Score Distribution
Percent of People with Each Score
Percentile by Number Answered
Your Score History
You have not taken this quiz